<?xml version="1.0" encoding="UTF-8"?>
<collection xmlns="http://www.loc.gov/MARC21/slim">
 <record>
  <leader>02472cam a22005172  4500</leader>
  <controlfield tag="001">1124099697</controlfield>
  <controlfield tag="003">DE-627</controlfield>
  <controlfield tag="005">20240331184317.0</controlfield>
  <controlfield tag="007">tu</controlfield>
  <controlfield tag="008">960904s1957    sp |||||      00| ||spa c</controlfield>
  <datafield tag="035" ind1=" " ind2=" ">
   <subfield code="a">(DE-627)1124099697</subfield>
  </datafield>
  <datafield tag="035" ind1=" " ind2=" ">
   <subfield code="a">(DE-576)054099692</subfield>
  </datafield>
  <datafield tag="035" ind1=" " ind2=" ">
   <subfield code="a">(DE-599)BSZ054099692</subfield>
  </datafield>
  <datafield tag="035" ind1=" " ind2=" ">
   <subfield code="a">(OCoLC)1411272456</subfield>
  </datafield>
  <datafield tag="035" ind1=" " ind2=" ">
   <subfield code="a">(OCoLC)01463931</subfield>
  </datafield>
  <datafield tag="035" ind1=" " ind2=" ">
   <subfield code="a">(OCoLC)636807418</subfield>
  </datafield>
  <datafield tag="040" ind1=" " ind2=" ">
   <subfield code="a">DE-627</subfield>
   <subfield code="b">ger</subfield>
   <subfield code="c">DE-627</subfield>
   <subfield code="e">rakwb</subfield>
  </datafield>
  <datafield tag="041" ind1=" " ind2=" ">
   <subfield code="a">spa</subfield>
  </datafield>
  <datafield tag="044" ind1=" " ind2=" ">
   <subfield code="c">XA-ES</subfield>
  </datafield>
  <datafield tag="084" ind1=" " ind2=" ">
   <subfield code="a">9,10</subfield>
   <subfield code="2">ssgn</subfield>
  </datafield>
  <datafield tag="084" ind1=" " ind2=" ">
   <subfield code="a">LO 49340</subfield>
   <subfield code="2">rvk</subfield>
   <subfield code="0">(DE-625)rvk/103660:</subfield>
  </datafield>
  <datafield tag="100" ind1="1" ind2=" ">
   <subfield code="a">Schlunk, Helmut</subfield>
   <subfield code="d">1906-1982</subfield>
   <subfield code="0">(DE-588)117521078</subfield>
   <subfield code="0">(DE-627)07893818X</subfield>
   <subfield code="0">(DE-576)291457770</subfield>
   <subfield code="4">aut</subfield>
  </datafield>
  <datafield tag="245" ind1="1" ind2="3">
   <subfield code="a">La pintura mural Asturiana de los siglos IX y X</subfield>
   <subfield code="c">por Helmut Schlunk y Magin Berenguer. Trad. del alemán por María de los Angeles Vázquez de Parga. [Excma. Diputacion Provincial de Asturias]</subfield>
  </datafield>
  <datafield tag="246" ind1="3" ind2="0">
   <subfield code="a">Pintvra mvral astvriana 9 10</subfield>
  </datafield>
  <datafield tag="264" ind1=" " ind2="1">
   <subfield code="a">Madrid</subfield>
   <subfield code="b">Sanchez Cuesta</subfield>
   <subfield code="c">1957</subfield>
  </datafield>
  <datafield tag="300" ind1=" " ind2=" ">
   <subfield code="a">XXII, 188 S., 42 Bl.</subfield>
   <subfield code="b">Ill., graph. Darst.</subfield>
  </datafield>
  <datafield tag="336" ind1=" " ind2=" ">
   <subfield code="a">Text</subfield>
   <subfield code="b">txt</subfield>
   <subfield code="2">rdacontent</subfield>
  </datafield>
  <datafield tag="337" ind1=" " ind2=" ">
   <subfield code="a">ohne Hilfsmittel zu benutzen</subfield>
   <subfield code="b">n</subfield>
   <subfield code="2">rdamedia</subfield>
  </datafield>
  <datafield tag="338" ind1=" " ind2=" ">
   <subfield code="a">Band</subfield>
   <subfield code="b">nc</subfield>
   <subfield code="2">rdacarrier</subfield>
  </datafield>
  <datafield tag="583" ind1="1" ind2=" ">
   <subfield code="a">Archivierung/Langzeitarchivierung gewährleistet</subfield>
   <subfield code="f">SSG</subfield>
   <subfield code="x">XA-DE-BW</subfield>
   <subfield code="2">pdager</subfield>
   <subfield code="5">DE-16</subfield>
  </datafield>
  <datafield tag="689" ind1="0" ind2="0">
   <subfield code="d">g</subfield>
   <subfield code="0">(DE-588)4003329-6</subfield>
   <subfield code="0">(DE-627)106389939</subfield>
   <subfield code="0">(DE-576)208851151</subfield>
   <subfield code="a">Asturien</subfield>
   <subfield code="2">gnd</subfield>
  </datafield>
  <datafield tag="689" ind1="0" ind2="1">
   <subfield code="d">s</subfield>
   <subfield code="0">(DE-588)4037220-0</subfield>
   <subfield code="0">(DE-627)10623871X</subfield>
   <subfield code="0">(DE-576)209022892</subfield>
   <subfield code="a">Malerei</subfield>
   <subfield code="2">gnd</subfield>
  </datafield>
  <datafield tag="689" ind1="0" ind2="2">
   <subfield code="d">s</subfield>
   <subfield code="0">(DE-588)4038043-9</subfield>
   <subfield code="0">(DE-627)106234196</subfield>
   <subfield code="0">(DE-576)209027991</subfield>
   <subfield code="a">Mauren</subfield>
   <subfield code="2">gnd</subfield>
  </datafield>
  <datafield tag="689" ind1="0" ind2="3">
   <subfield code="a">z</subfield>
   <subfield code="2">gnd</subfield>
   <subfield code="a">Geschichte 812-921</subfield>
  </datafield>
  <datafield tag="689" ind1="0" ind2=" ">
   <subfield code="5">DE-101</subfield>
  </datafield>
  <datafield tag="700" ind1="1" ind2=" ">
   <subfield code="a">Berenguer, Magín</subfield>
   <subfield code="0">(DE-627)1240072147</subfield>
   <subfield code="0">(DE-576)170072142</subfield>
   <subfield code="4">aut</subfield>
  </datafield>
  <datafield tag="710" ind1="2" ind2=" ">
   <subfield code="a">Asturien</subfield>
   <subfield code="0">(DE-588)4003329-6</subfield>
   <subfield code="0">(DE-627)106389939</subfield>
   <subfield code="0">(DE-576)208851151</subfield>
   <subfield code="4">oth</subfield>
  </datafield>
  <datafield tag="787" ind1="0" ind2="8">
   <subfield code="i">Rezensiert in</subfield>
   <subfield code="a">Richert, Gertrud, 1885 - 1965</subfield>
   <subfield code="t">[Rezension von: Helmut Schlunk y Magin Berenguer, La Pintura Mural Asturiana de los Siglos IX y X]</subfield>
   <subfield code="d">Nürnberg : Carl, 1958</subfield>
   <subfield code="w">(DE-627)168850639X</subfield>
  </datafield>
  <datafield tag="936" ind1="r" ind2="v">
   <subfield code="a">LO 49340</subfield>
   <subfield code="b">Malerei in einzelnen Regionen Spaniens bzw. Portugals</subfield>
   <subfield code="k">Kunstgeschichte</subfield>
   <subfield code="k">Kunst nach Ländern bzw. Kontinenten</subfield>
   <subfield code="k">Spanien, Portugal</subfield>
   <subfield code="k">Kunstgeschichte Spaniens und Portugals nach Gattungen</subfield>
   <subfield code="k">Malerei</subfield>
   <subfield code="k">Malerei in einzelnen Regionen Spaniens bzw. Portugals</subfield>
   <subfield code="0">(DE-627)1271247860</subfield>
   <subfield code="0">(DE-625)rvk/103660:</subfield>
   <subfield code="0">(DE-576)201247860</subfield>
  </datafield>
  <datafield tag="951" ind1=" " ind2=" ">
   <subfield code="a">BO</subfield>
  </datafield>
  <datafield tag="990" ind1=" " ind2=" ">
   <subfield code="a">Asturien</subfield>
  </datafield>
  <datafield tag="990" ind1=" " ind2=" ">
   <subfield code="a">Malerei</subfield>
  </datafield>
  <datafield tag="990" ind1=" " ind2=" ">
   <subfield code="a">Mauren</subfield>
  </datafield>
  <datafield tag="990" ind1=" " ind2=" ">
   <subfield code="a">Geschichte 812-921</subfield>
  </datafield>
  <datafield tag="991" ind1=" " ind2=" ">
   <subfield code="a">Rezensiertes Werk</subfield>
  </datafield>
  <datafield tag="999" ind1=" " ind2=" ">
   <subfield code="a">KXP-PPN1124099697</subfield>
   <subfield code="e">4084664235</subfield>
  </datafield>
 </record>
</collection>
